All Kings in/of Prussia - Statistics

General Stats
  • This quiz has been taken 21 times
  • The average score is 7 of 9
Answer Stats
Picture Answer % Correct
Wilhelm I.
100%
Wilhelm II.
100%
.Friedrich II.
84%
Friedrich I.
79%
Friedrich Wilhelm II.
79%
Friedrich Wilhelm III.
79%
Friedrich III.
74%
.Friedrich Wilhelm I.
74%
Friedrich Wilhelm IV.
74%
No matching quizzes found
Score Distribution
Percent of People with Each Score
Percentile by Number Answered
Your Score History
You have not taken this quiz